Daily Capital City Riddle #67 - Statistics

General Stats
  • This quiz has been taken 56 times
  • The average score is 28 of 39
Answer Stats
Type Answer % Correct
Found Letter A
100%
Alphabet Letter E
100%
Found Letter O
100%
Alphabet Letter T
100%
Alphabet Letter I
98%
Found Letter M
98%
Alphabet Letter N
98%
Found Letter R
98%
Found Letter S
98%
Alphabet Letter L
96%
Alphabet Letter B
93%
Alphabet Letter C
93%
Alphabet Letter D
93%
Correctly Placed Letter A
89%
Alphabet Letter G
87%
Found Letter U
85%
Alphabet Letter V
83%
Alphabet Letter H
80%
Alphabet Letter W
80%
Found Letter K
78%
Alphabet Letter P
78%
Found Letter Y
72%
Alphabet Letter J
61%
Correctly Placed Letter O
61%
Alphabet Letter X
57%
Correctly Placed Letter M
54%
Correctly Placed Letter S
54%
Correctly Placed Letter S
52%
Alphabet Letter Z
52%
Correctly Placed Letter R
50%
Correctly Placed Letter O
48%
Correctly Placed Letter O
48%
Alphabet Letter F
46%
Alphabet Letter Q
46%
Correctly Placed Letter U
46%
Correctly Placed Letter Y
41%
Correctly Placed Letter K
39%
Correctly Placed Letter U
39%
Mystery Capital Yamoussoukro
39%
No matching quizzes found
Score Distribution
Percent of People with Each Score
Percentile by Number Answered
Your Score History
You have not taken this quiz